000 01165nam a22002057a 4500
999 _c57728
_d57728
003 Ge_BSU
005 20210416122052.0
008 201019s2020 ge ||||| |||| 00| 0 geo d
020 _a9992898356
041 _ageo
080 _a342.9(479.22)(094.4) ს-32
245 _aსაქართველოს ზოგადი ადმინისტრაციული კოდექსი (მიღებულია 1999 წლის 25 ივნისს) :
_bსაქართველოს ადმინისტრაციული საპროცესო კოდექსი (მიღებულია 1999 წლის 23 ივლისს) /
264 _aთბ.:
_bბონა კაუზა,
_c2020.
300 _a187 გვ.
_b20 სმ.
490 _aიურისტის ბიბლიოთეკა
653 _aსაქართველოს ადმინისტრაციული კოდექსი
653 _aსაქართველოს ადმინისტრაციული საპრცესო კოდექსი
653 _aსამართალი
942 _2udc
_cBK